000 01114nam0a2200313 i 4500
001 RU\NLR\bibl\2045641
005 20241104170642.0
010 _a9785995505297
_92500
021 _aRU
_b2013-28879
_9215д/13
035 _a(NLR Aleph) 002032815
090 _a4558727
_c4558727
100 _a20130620d2013 u y0rusy50 ca
101 0 _arus
102 _aRU
105 _ay |||||||||
200 1 _aГестапо
_eтеррор без границ
_fЮрий Бем
210 _aМосква
_cЯуза-Пресс
_d2013
215 _a349, [1] с.
_d21
225 1 _aСпецназ Гитлера
320 _aБиблиогр.: с. 347-348
601 0 1 _aГермания
_bТайная государственная полиция
_xИстория
_92168039
_3RU\NLR\auth\661304332
686 _aЦ68,8(4Г)2-221.1г
700 1 _aБем
_bЮ. О.
_gЮрий Оттович
_4070
801 0 _aRU
_bNLR
_c20130620
_gRCR
801 1 _aRU
_bNLR
_c20130620
942 _cBOOK
980 _aNBR